Normal view MARC view
  • Mansilla Torres, Jorge,

Entry Nombre Personal

Number of records used in: 2

001 - NUMERO DE CONTROL

  • campo de control: 28639

003 - IDENTIFICADOR DE NUMERO DE CONTROL

  • campo de control: UPN

005 - FECHA Y HORA DE LA ÜLTIMA TRANSACCIÓN

  • campo de control: 20210219194355.0

008 - DATOS DE LONGITUD FIJA

  • campo de control de longitud fija: nabaccnnaabn|||||||||| b |nc|||||d

035 ## - NUMERO DE CONTROL

  • Número de control: UPN11000000745

040 ## - FUENTE DE CATALOGACIÓN

  • Lenguaje de catalogación: SPA
  • Agencia de transcripción: UPN

053 #4 - NÚMERO DE CLASIFICACIÓN LC

  • Número de clasificación elemento-número único o número inicial de tramo: PQ7813

100 1# - ENCABEZAMIENTO - NOMBRE PERSONAL

  • Nombre personal: Mansilla Torres, Jorge,
  • Fechas asociadas con el nombre: 1940-

400 0# - VEÁSE - NOMBRE DE PERSONA

  • Personal name: Coco Manto

670 ## - FUENTE EN LA QUE SE LOCALIZARON DATOS

  • Cita de la fuente: T
  • Uniform Resource Identifier: http://www.jornada.unam.mx/2006/04/09/index.php?section=politica&article=012n3pol

680 ## - NOTA PUBLICA DE ACCESO PÚBLICO

  • Frase explicativa de la referencia: Periodista, poeta y escritor boliviano

902 ## - CATALOGADOR

  • Catalogador: DAA/271107